| 000 | 01232nam0a22003371 4500 | ||
|---|---|---|---|
| 001 | RU\NLR\INFOCOMM_46\5000720772 | ||
| 005 | 20250613100556.0 | ||
| 035 | _a(NLR Aleph) 009350844 | ||
| 090 |
_a9556878 _c9556878 |
||
| 100 | _a20101116d1991 |||y0rusy50 ca | ||
| 101 | 0 | _aeng | |
| 102 | _aRU | ||
| 105 | _aa ||||000|y | ||
| 200 | 1 |
_aThe cluster hypothesis _eIntegration of cellular properties, new approaches to early diagnosis of diseases _fT. S. Fryasinova, R. G. Khlebopros, B. V. Monakhov |
|
| 210 |
_aKrasnoyarsk _d1991 |
||
| 215 |
_a[1], 28 с. _cил. _d20 см |
||
| 225 | 1 |
_aPreprint _fUSSR Acad. of sciences. Siberian branch, Inst. of biophysics _vN 150Б |
|
| 320 | _aБиблиогр.: с. 26-28 | ||
| 686 |
_aР34 _2rubbk |
||
| 686 |
_aР251.26 _2rubbk |
||
| 700 | 1 |
_9z02790 _aFrjazinova _bT. S. _gTat'jana Sergeevna _4070 |
|
| 701 | 1 |
_9z03790 _aChlebopros _bR. G. _f1931- _gRem Grigor'evič _4070 |
|
| 701 | 1 |
_9z04790 _aMonachov _bB. V. _gBoris Vasil'evič _4070 |
|
| 790 | 1 |
_9z02700 _aFryasinova _bT. S. _4070 |
|
| 790 | 1 |
_9z03701 _aKhlebopros _bR. G. _4070 |
|
| 790 | 1 |
_9z04701 _aMonakhov _bB. V. _4070 |
|
| 801 | 1 |
_aRU _bNLR _c20101116 |
|
| 801 | 0 |
_aRU _bNLR _gPSBO |
|
| 852 |
_aNLR _jМд21 Д-4/40 |
||
| 942 | _cBOOK | ||
| 980 | _aNB | ||